Cuerpo humano al límite (Registro nro. 8302)
[ vista simple ]
| 000 -CABECERA | |
|---|---|
| Longitud fija campo de control | 01570ngm a2200277 a 4500 |
| 005 - • FECHA Y HORA DE LA ÚLTIMA TRANSACCIÓN | |
| Fecha y hora de la última transacción | 20220317001841.0 |
| 008 - • CÓDIGOS DE INFORMACIÓN DE LONGITUD FIJA | |
| Códigos de información de longitud fija | 170410s2014 c g 000 0 s |
| 041 ## - • CÓDIGO DE LENGUA | |
| Código de lengua del texto/banda sonora o título independiente | spa |
| 082 04 - • NÚMERO DE LA CLASIFICACIÓN DECIMAL DEWEY | |
| Número de clasificación (R) | 611.8 |
| Número del ítem | D37c |
| 040 ## - FUENTE DE LA CATALOGACIÓN | |
| Centro catalogador de origen | CO-BoRNBP |
| Lengua de catalogación | spa |
| Normas de descripción | rda |
| Centro transcriptor | CO-BoRNBP |
| 110 2# - • PUNTO DE ACCESO PRINCIPAL-NOMBRE DE ENTIDAD CORPORATIVA | |
| Nombre de entidad corporativa o nombre de jurisdicción como elemento inicial | Discovery Communications |
| 245 10 - • TITULO PROPIAMENTE DICHO | |
| Título | Cuerpo humano al límite |
| Resto del título | sensibilidad = Human body pushing the limits sensation |
| Mención de responsabilidad, etc. | Discovery Communications |
| Medio | videodisco digital |
| 250 ## - • MENCIÓN DE EDICIÓN | |
| Mención de edición | 1a. edición |
| 264 ## - PRODUCCIÓN, PUBLICACIÓN , DISTRIBUCIÓN, FABRICACIÓN Y COPYRIGHT | |
| Lugar de producción, publicación, distribución, fabricación | Bogotá |
| Nombre del productor, editor, distribuidor, fabricante | MS Tv & Videos |
| Fecha de de producción, publicación, distribución, fabricación o copyright | 2014 |
| 300 ## - • DESCRIPCIÓN FÍSICA | |
| Extensión | 1 DVD (43 minutos) |
| Otras características físicas | sonido, color, digital |
| Dimensiones | 12 cm |
| 336 ## - TIPO DE CONTENIDO | |
| Término de tipo de contenido | texto |
| Código de tipo de contenido | txt |
| Fuente | rdacontent |
| 337 ## - TIPO DE MEDIO | |
| Nombre del tipo de medio | sin mediación |
| Código del tipo de medio | n |
| Fuente | rdamedia |
| 338 ## - TIPO DE SOPORTE | |
| Nombre del tipo de soporte | volumen |
| Código del tipo de soporte | nc |
| Fuente | rdacarrier |
| 490 ## - • MENCIÓN DE SERIE | |
| Mención de serie | Discovery en la escuela |
| 520 ## - • NOTA DE RESUMEN | |
| Resumen, etc, | Muy cerca de la superficie de la piel se encuentran las antenas que nos permiten percibir el mundo que nos rodea. Esta capa vital es la puerta de entrada a la súper carretera de la información: el sistema nervioso. Millones de nervios transportan nuestras sensaciones hasta el cerebro y alrededor del cuerpo a más de 320 kilómetros por hora. Pero nuestro sistema nervioso también lleva a cabo labores desconocidas por la mayoría de las personas. Esta es la historia de la red de telecomunicaciones más importante del mundo: la del cuerpo humano, vista a través de increíbles sucesos |
| 534 ## - • Nota De Versión Original | |
| Título | Human body pushing the limits: sensation |
| 650 14 - • PUNTO DE ACCESO ADICIONAL DE MATERIA - TÉRMINO DE MATERIA | |
| Fuente del encabezamiento o término | LEMB |
| Término de materia o nombre geográfico como elemento inicial | Cuerpo humano |
| Subdivisión de forma | Videodiscos |
| 650 14 - • PUNTO DE ACCESO ADICIONAL DE MATERIA - TÉRMINO DE MATERIA | |
| Fuente del encabezamiento o término | LEMB |
| Término de materia o nombre geográfico como elemento inicial | Fisiología humana |
| Subdivisión de forma | Videodiscos |
| 650 14 - • PUNTO DE ACCESO ADICIONAL DE MATERIA - TÉRMINO DE MATERIA | |
| Fuente del encabezamiento o término | LEMB |
| Término de materia o nombre geográfico como elemento inicial | Sistema nervioso |
| Subdivisión de forma | Videodiscos |
| 942 ## - ENTRADA DE ELEMENTOS AGREGADOS (KOHA) | |
| Fuente de clasificaión o esquema | Dewey Decimal Classification |
| Koha [por defecto] tipo de item | DVD |
No hay ítems disponibles.